00380 a2200133 4500020001100000035001300011037004900024082000800073100001900081245006100100250002100161260003400182300003000216 c150.00 aB-154829 bRP-BLIII-367 / PANSY-05-06:12 / RP-05-06:ENG14a3751 aAggarwal, J.C.1 aHandbook of curriculum and instructioncby J.C. Aggarwal arev. ed rep 2006 aDelhibDoaba Book Housec2006 axxiii, 321 pe22 cm (pbk)